La historia de los árabes
Wedi'i Gadw mewn:
| Prif Awdur: | |
|---|---|
| Fformat: | Llyfr |
| Iaith: | Sbaeneg |
| Cyhoeddwyd: |
Barcelona
Ediciones B S. A
2010
|
| Rhifyn: | 1a. ed |
| Cyfres: | Zeta, 253
|
| Pynciau: | |
| Tagiau: |
Ychwanegu Tag
Dim Tagiau, Byddwch y cyntaf i dagio'r cofnod hwn!
|
MARC
| LEADER | 00000cam a2200000 a 4500 | ||
|---|---|---|---|
| 001 | UCF7957 | ||
| 003 | CL-VaPUC | ||
| 008 | 130711e20101000SP |||||||||||||||||spa|d | ||
| 020 | |a 9788496778771 | ||
| 082 | 0 | 4 | |a 953 |b HOU |2 21 |
| 100 | |a Hourani, Albert Habib |9 623515 | ||
| 245 | 1 | 3 | |a La historia de los árabes |
| 250 | |a 1a. ed | ||
| 300 | |a 671 p | ||
| 942 | |c BK | ||
| 945 | |d 20130711 00:00:00 |a dcastane | ||
| 260 | |a Barcelona |b Ediciones B S. A |c 2010 | ||
| 650 | 7 | |a HISTORIA DE LOS ARABES |2 CL-VaPUC |9 570053 | |
| 650 | 7 | |a HISTORIA DE ARABIA |2 CL-VaPUC |9 445232 | |
| 650 | 0 | |a Árabes |9 316264 | |
| 650 | 0 | |a Musulmanes |9 332296 | |
| 650 | 0 | |a Islamismo |9 314084 | |
| 650 | 7 | |a CIVILIZACION ARABE |2 CL-VaPUC |9 316265 | |
| 583 | |a last modification |c 20130711 11:26:00 |k Rodrigo Vera | ||
| 490 | 0 | |a Zeta, 253 | |
| 999 | |c 352673 |d 352671 | ||
| 952 | |0 0 |1 0 |4 0 |6 953_000000000000000_HOU_2010 |7 0 |8 A |9 457277 |a BIBGIM |b BIBGIM |d 2019-11-22 |i 4989430 |o 953 HOU 2010 |p 4989430 |r 2025-01-15 |w 2019-11-22 |y BK |k ARA | ||